Extension strategies for human resource development (Record no. 367733)
[ view plain ]
| 000 -LEADER | |
|---|---|
| fixed length control field | 006920000a22002530004500 |
| 020 ## - INTERNATIONAL STANDARD BOOK NUMBER | |
| International Standard Book Number | 8183210171 |
| 050 ## - LIBRARY OF CONGRESS CALL NUMBER | |
| Classification number | 010 |
| 060 ## - NATIONAL LIBRARY OF MEDICINE CALL NUMBER | |
| Classification number | 100 |
| 082 ## - DEWEY DECIMAL CLASSIFICATION NUMBER | |
| Classification number | 630.715 HIR |
| 100 ## - MAIN ENTRY--PERSONAL NAME | |
| Personal name | Angadi, JG |
| 100 ## - MAIN ENTRY--PERSONAL NAME | |
| Personal name | Chandargi, DM |
| 100 ## - MAIN ENTRY--PERSONAL NAME | |
| Personal name | Hanchinal, SN |
| 100 ## - MAIN ENTRY--PERSONAL NAME | |
| Personal name | Hirevenukanagoudar, LV |
| 100 ## - MAIN ENTRY--PERSONAL NAME | |
| Personal name | Manjunath, L |
| 245 ## - TITLE STATEMENT | |
| Title | Extension strategies for human resource development |
| 260 ## - PUBLICATION, DISTRIBUTION, ETC. (IMPRINT) | |
| Place of publication, distribution, etc. | Udaipur, Agrotech publishing agency |
| 260 ## - PUBLICATION, DISTRIBUTION, ETC. (IMPRINT) | |
| Date of publication, distribution, etc. | 2005 |
| 300 ## - PHYSICAL DESCRIPTION | |
| Extent | 296 |
| 650 ## - SUBJECT ADDED ENTRY--TOPICAL TERM | |
| Topical term or geographic name as entry element | Entrepreneurial competencies |
| 650 ## - SUBJECT ADDED ENTRY--TOPICAL TERM | |
| Topical term or geographic name as entry element | Globalization human resource development |
| 650 ## - SUBJECT ADDED ENTRY--TOPICAL TERM | |
| Topical term or geographic name as entry element | Indian agricultural strategies |
| 650 ## - SUBJECT ADDED ENTRY--TOPICAL TERM | |
| Topical term or geographic name as entry element | Inter personnal communication behaviour |
| 942 ## - ADDED ENTRY ELEMENTS (KOHA) | |
| Koha item type | Books (General) |
| Withdrawn status | Lost status | Damaged status | Not for loan | Home library | Current library | Date acquired | Cost, normal purchase price | Total Checkouts | Full call number | Barcode | Date last seen | Date checked out | Price effective from | Koha item type |
|---|---|---|---|---|---|---|---|---|---|---|---|---|---|---|
| College of Agriculture, Vellayani | College of Agriculture, Vellayani | 02/05/2014 | 980.00 | 1 | 630.715 HIR | KAU_COAV-27585 | 11/03/2020 | 05/03/2020 | 02/05/2014 | Books (General) |
